Murni kasih
| Main Author: | |
|---|---|
| Format: | Book |
| Published: |
Kajang :
NB Kara ,
2007
|
| Subjects: |
MARC
| LEADER | 00000cam a2200000 7i4500 | ||
|---|---|---|---|
| 001 | 0000021298 | ||
| 005 | 20080402.0 | ||
| 008 | 071205 | ||
| 020 | |a 9834211589 | ||
| 040 | |a INS | ||
| 090 | 0 | 0 | |a PL5136 |b N67 2007 |
| 100 | 0 | |a Norhayati Berahim | |
| 245 | 1 | 0 | |a Murni kasih |c Norhayati Berahim |
| 260 | |a Kajang : |b NB Kara , |c 2007 | ||
| 300 | |a 669ms. ; |c 19cm. | ||
| 650 | 0 | 0 | |a Malay fiction |
| 999 | |a 0000019751 |b BOOK |c Open Shelf |e Default branch | ||